El vaticano , el Papa y la teología de la liberación latinoamericana
Сохранить в:
| Соавтор: | |
|---|---|
| Формат: | |
| Язык: | Spanish |
| Опубликовано: |
San José; Costa Rica
DEI
1986
|
| Предметы: | |
| Метки: |
Добавить метку
Нет меток, Требуется 1-ая метка записи!
|
MARC
| LEADER | 00000nam a22000007a 4500 | ||
|---|---|---|---|
| 003 | cru CIDCACS/IIS | ||
| 005 | 20180907094902.0 | ||
| 008 | b1986 cr ||||| |||| 00| 0 spa d | ||
| 999 | |c 41653 |d 41653 | ||
| 040 | |c cru CIDCACS/IIS | ||
| 090 | |a REV0750 (7) 1986 | ||
| 110 | 2 | |9 7636 |a Departamento Ecuménico de Investigaciones (DEI) | |
| 245 | 1 | 3 | |a El vaticano , el Papa y la teología de la liberación latinoamericana |c Pablo Richard |
| 260 | |a San José; Costa Rica |b DEI |c 1986 | ||
| 300 | |a 1-4 páginas | ||
| 650 | 0 | |9 3285 |a TEOLOGIA DE LA LIBERACION | |
| 651 | 4 | |9 2605 |a LATINOAMERICA | |
| 942 | |2 ddc |c PP | ||
| 773 | 0 | |0 41641 |9 2241 |a Departamento Ecuménico de Investigaciones (DEI) |d San José, Costa Rica Departamento Ecuménico de Investigaciones (DEI) |o 20028 |t Pasos / | |
